Flottaoperátorok és a gépjárművezetők munkaszervezése a Waberer’s Nyrt.-nél
| Szerző: | |
|---|---|
| További közreműködők: | |
| Dokumentumtípus: | Projektmunka |
| Kulcsszavak: | közúti árufuvarozás logisztika logisztikai rendszer nemzetközi árufuvarozás szállítmányozás |
| Online Access: | http://dolgozattar.uni-bge.hu/59886 |
MARC
| LEADER | 00000nnm a2200000 i 4500 | ||
|---|---|---|---|
| 001 | dolg59886 | ||
| 005 | 20260409145711.0 | ||
| 008 | 260409suuuu hu o 000 hun d | ||
| 040 | |a BGE Dolgozattár Repozitórium |b hun | ||
| 041 | |a hu | ||
| 100 | 1 | |a Buglák Fanni | |
| 245 | 1 | 0 | |a Flottaoperátorok és a gépjárművezetők munkaszervezése a Waberer’s Nyrt.-nél |c Buglák Fanni |h [elektronikus dokumentum] |
| 516 | |a Project_work | ||
| 520 | 3 | |a A projektmunkám témája a Flottaoperátorok és a gépjárművezetők munkaszervezése a Waberer’s Csoportnál. A dolgozatom célja az, hogy bemutassam a flottaoperátorok és a gépjárművezetők közötti munkafolyamatokat, gépjárművezetők feladatait és infrastruktúráját, a vonatkozó jogszabályokat, illetve egy multinacionális cég működésében betöltött szerepét, fontosságát. A dolgozat során ismertetem a főbb egyezményeket, szabályokat, illetve a kapcsolódó fogalmakat, a kitöltendő okmányokat a gépjárművezető részéről, a felmerülő költségeket. A projektmunka gyakorlatias részeként bemutatom a különböző, releváns programokat, például Fleet Operator Program, InstantCMR, SAP. A dolgozat zárásaként pedig készítettem két interjút a Waberer’s Csoportnál dolgozó személyekkel, 1 fő flottaoperátorral, 1 fő gépjárművezetővel. Az interjúk célja két különböző, de mégis egyező szemszögből történő bemutatás, a munkafolyamatok könnyebb és átláthatóbb megértése érdekében. | |
| 695 | |a közúti árufuvarozás | ||
| 695 | |a logisztika | ||
| 695 | |a logisztikai rendszer | ||
| 695 | |a nemzetközi árufuvarozás | ||
| 695 | |a szállítmányozás | ||
| 700 | 1 | |a Bányai Dr. Kornél |e ths | |
| 856 | 4 | 0 | |u http://dolgozattar.uni-bge.hu/59886/1/Bugl%C3%A1k%20Fanni_Projektmunka.pdf |z Dokumentum-elérés |
| 856 | 4 | 0 | |u http://dolgozattar.uni-bge.hu/59886/2/Bugl%C3%A1k_Fanni_FOSZK_b%C3%ADr%C3%A1lat.pdf |z Dokumentum-elérés |